000 01591cam a22003977a 4500
003 CHAP
005 20220817043443.0
008 980605d1997 mx r 00110 spa d
010 _a75732
011 _a76704
020 _a9688844446
035 _a86291
040 _cCHAP
082 0 4 _a808.831
_bL4
100 0 0 _aLeal Menchaca, Miguel Angel
_epresentación, selección y notas
245 1 0 _aVuelta de hoja :
_bantología de cuentos latinoamericanos del siglo XIX
_c/presentación, selección y notas por Miguel Angel Leal Menchaca [y otros]
260 _aChapingo, Méx. :
_bUACH. Dirección de Difusión Cultural,
_c1997.
300 _a206 p.
410 2 1 _aUACH. Dirección de Difusión Cultural
490 0 _aLiteratura
590 _aBATCH-UPD
_b10
_c20130110
_lUCH01
_h0934
590 _aCONVERSION
_b10
_c20130109
_lUCH01
_h1341
650 1 4 _aCuentos.
_930096
700 0 _aRosas Galicia, Rolando.
_9100013
700 0 _aTrejo Villafuerte, Arturo.
_9114797
810 2 1 _aUACH. Dirección de Difusión Cultural
830 0 _aLiteratura
_967114
901 _aBK
905 _aLilia Sánchez G.
942 _cLIBRO
949 _a808.831 L4
_bBC
_cLIBRO
_d33724000693909
_eLIBRO
_fc. 4
_h93444
_i86291
_kDonaciØn
_si
949 _a808.831 L4
_bBC
_cLIBRO
_d33724000890885
_eLIBRO
_h93441
_i86291
_kDonaciØn
_si
949 _a808.831 L4
_bBC
_cLIBRO
_d33724000892337
_eLIBRO
_fc. 2
_h93442
_i86291
_kDonaciØn
_so
949 _a808.831 L4
_bBC
_cLIBRO
_d33724000898896
_eLIBRO
_fc. 3
_h93443
_i86291
_kDonaciØn
_si
949 _a808.831 L4
_bBC
_cUACH
_d8629151234
_eUACH
_fc. 5
_h93445
_i86291
_kDonaciØn
_sb
999 _c75732
_d75732